书目信息 |
| 题名: |
城市休闲旅游
|
|
| 作者: | 叶文 , 王越平 , 马谊妮 编著 | |
| 分册: | ||
| 出版信息: | 天津 南开大学出版社 2006.08 |
|
| 页数: | 333页 | |
| 开本: | 21cm | |
| 丛书名: | 旅游学理论案例丛书 | |
| 单 册: | ||
| 中图分类: | F590.7 | |
| 科图分类: | ||
| 主题词: | 休闲--xiu xian--旅游 | |
| 电子资源: | ||
| ISBN: | 7-310-02588-1 | |
| 000 | 01226nam 2200301 450 | |
| 001 | 012007471453 | |
| 005 | 20070521110702.18 | |
| 010 | @a7-310-02588-1@dCNY19.00 | |
| 100 | @a20070322d2006 km y0chiy0120 ea | |
| 101 | 0 | @achi |
| 102 | @aCN@b120000 | |
| 105 | @aa a 000yy | |
| 200 | 1 | @a城市休闲旅游@Acheng shi xiu xian lu you@e理论·案例@f叶文, 王越平, 马谊妮编著@Fye wen,wang yue ping,ma yi ni bian zhu |
| 210 | @a天津@c南开大学出版社@d2006.08 | |
| 215 | @a333页@c图@d21cm | |
| 225 | 2 | @a旅游学理论案例丛书@Alu you xue li lun an li cong shu |
| 320 | @a有书目 | |
| 330 | @a本书通过休闲旅游理论研究和实证研究,论述了休闲的历史沿革、休闲与旅游的关系、休闲的文化属性、休闲的空间结构等问题,并通过对昆明城市休闲旅游业发展的条件及旅游产品的开发和建设等的分析,对我国现有旅游业发展状况进行了积极探索,为进一步开发各地休闲旅游项目提供了理论依据和实证参考。 | |
| 333 | @a大专院校旅游专业师生,旅游工作者 | |
| 410 | 0 | @12001 @a旅游学理论案例丛书 |
| 517 | 1 | @a理论·案例@Ali lun·an li |
| 606 | 0 | @a休闲@Axiu xian@x旅游 |
| 690 | @aF590.7@v4 | |
| 701 | 0 | @a叶文@Aye wen@4编著 |
| 701 | 0 | @a王越平@Awang yue ping@4编著 |
| 701 | 0 | @a马谊妮@Ama yi ni@4编著 |
| 801 | 0 | @aCN@c20070521 |
| 905 | @a10447@dF590.7@eY461 | |
| 城市休闲旅游:理论·案例/叶文, 王越平, 马谊妮编著.-天津:南开大学出版社,2006.08 |
| 333页:图;21cm.-(旅游学理论案例丛书) |
| 使用对象:大专院校旅游专业师生,旅游工作者 |
| ISBN 7-310-02588-1:CNY19.00 |
| 本书通过休闲旅游理论研究和实证研究,论述了休闲的历史沿革、休闲与旅游的关系、休闲的文化属性、休闲的空间结构等问题,并通过对昆明城市休闲旅游业发展的条件及旅游产品的开发和建设等的分析,对我国现有旅游业发展状况进行了积极探索,为进一步开发各地休闲旅游项目提供了理论依据和实证参考。 |
| ● |
| 相关链接 |
|
|
|
正题名:城市休闲旅游
索取号:F590.7/Y461
 
预约/预借
| 序号 | 登录号 | 条形码 | 馆藏地/架位号 | 状态 | 备注 |
| 1 | 238750 | 202387504 | 社科库409/409社科库 39排4列3层/ [索取号:F590.7/Y461] | 在馆 | |
| 2 | 238751 | 202387513 | 社科二线422/422社科库 27排1列3层/ [索取号:F590.7/Y461] | 在馆 |